| 000 | 00413nam a22001577a 4500 | ||
|---|---|---|---|
| 005 | 20251112092607.0 | ||
| 008 | 251112b |||||||| |||| 00| 0 eng d | ||
| 020 | _a979-8-88715-01-16 | ||
| 100 | _aCOOPER ALEX | ||
| 245 | _aFOOD MICROBIOLOGY AND HEALTH HAZARDS | ||
| 260 |
_aDUBLIN _bORYSON PRESS _c2023 |
||
| 300 | _aV,315P. | ||
| 500 | _aINCLUDES AN INDEX | ||
| 650 | _aFOOD-MICROBIOLOGY | ||
| 942 |
_2lcc _cBK |
||
| 999 |
_c216160 _d216160 |
||